| 000 | 02677cam a22005054i 4500 | ||
|---|---|---|---|
| 003 | PE-LiUPU | ||
| 005 | 20250731173141.0 | ||
| 008 | 150623s2003 pe r 000 0 spa d | ||
| 035 | _a(Sirsi) a27436 | ||
| 040 |
_aPE-LiUPU _bspa _cPE-LiUPU _erda |
||
| 082 | 0 | 4 |
_a234.4 _bS18 _221 |
| 100 | 1 |
_aPortes R., Andrés, _eautor. |
|
| 245 | 1 | 3 |
_aEl misterio de Dios / _cAndrés Portes R. |
| 264 | 1 |
_aLima, Perú : _bUniversidad Peruana Unión, _c2003. |
|
| 300 |
_a122 páginas ; _c21 cm. |
||
| 336 |
_atext _2rdacontent |
||
| 337 |
_aunmediated _2rdamedia |
||
| 338 |
_avolume _2rdacarrier |
||
| 505 | 0 | _aEl misterio de Dios: El misterio de Dios -- El misterio en la teología del apóstol Pablo -- ¿Quiénes desean estudiar este misterio -- Comprendiendo el misterio (1ra -- parte) -- Comprendiendo el misterio (2da parte) -- El propósito del misterio -- El evangelio de la gracia -- ¿Que es la gracia? -- El Dios de la gracia -- El centro de la gracia -- La gracia y la obediencia -- La gracia y la fe -- La gracia y la justificación -- La gracia y la vida cristiana. | |
| 526 | _aSEG42 | ||
| 526 | _aSEG41 | ||
| 526 | _aSEG40 | ||
| 526 | _aSEG39 | ||
| 526 | _aP94 | ||
| 526 | _aP87 | ||
| 526 | _aP86 | ||
| 526 | _aP85 | ||
| 526 | _aP77 | ||
| 526 | _aP76 | ||
| 526 | _aP35 | ||
| 650 | 0 | 4 | _aSalvación (Cristianismo). |
| 942 |
_2ddc _cBOOK |
||
| 949 |
_a234.4 S18 _wDEWEY _c1 _i52719 _lCCODEBUL1 _mBUL _p5.00 _r0 _sY _tBOOK _u2015-06-24 _xTEOLOGIA _PP35 _0COMPRA _o.STAFF. Colección General |
||
| 596 | _a1 2 | ||
| 999 |
_a234.4 S18 _wDEWEY _c34576 _i52719 _d34576 _f2021-11-10 _g5 _lCCODEBUL1 _mBUL _p5.00 _q1 _r0 _sY _tBOOK _u2015-6-24 _xTEOLOGIA _PP35 _0COMPRA _o.STAFF. Colección General |
||
| 999 |
_a231.042 P78 _wDEWEY _c1 _iFT00622 _f2019-2-20 _g1 _lCCODEBUT1 _mBUT _p10.00 _r0 _sY _tBOOK _u2015-10-28 _xBIBLIOTECA _PP35 _0DONACION _o.STAFF. Colección General |
||
| 999 |
_a231.042 P78 _wDEWEY _c2 _iFT00623 _f2019-2-20 _g1 _lCCODEBUT1 _mBUT _p10.00 _r0 _sY _tBOOK _u2015-10-28 _xBIBLIOTECA _PP35 _0DONACION _o.STAFF. Colección General |
||
| 999 |
_a231.042 P78 _wDEWEY _c3 _iFT00624 _f2019-2-20 _g1 _lCCODEBUT1 _mBUT _p10.00 _r0 _sY _tBOOK _u2015-10-28 _xBIBLIOTECA _zUNKNOWN _0DONACION _o.STAFF. Colección General |
||
| 999 |
_a231.042 P78 _wDEWEY _c4 _iFT00625 _f2019-2-20 _g1 _lCCODEBUT1 _mBUT _p10.00 _r0 _sY _tBOOK _u2015-10-28 _xBIBLIOTECA _zUNKNOWN _0DONACION _o.STAFF. Colección General |
||
| 980 |
_81 _gALBERTO SANCHEZ Responsable de Automatización |
||